00309nam a2200121Ia 4500008004100000040001600041041001200057082001400069100002100083245002300104260004400127300001600171230917s9999||||xx |||||||||||||| ||und|| e52392aMAIN aEnglish aB J564W:J aWolpert, Stanley 0aJinnah of Pakistan aNew YorkbOxford University Pressc1984 axii, 421 p.